[Event "SWE-ch"]
[Site "Gothenburg"]
[Date "2006.07.09"]
[Round "8"]
[White "Agrest, Evgenij"]
[Black "Berg, Emanuel"]
[Result "0-1"]
[WhiteElo "2569"]
[BlackElo "2589"]
[Annotator "Berg,E"]
[PlyCount "92"]
[EventDate "2006.07.01"]
[EventType "tourn"]
[EventRounds "13"]
[EventCountry "SWE"]
[EventCategory "10"]
[SourceTitle "CBM 113 Extra"]
[Source "ChessBase"]
[SourceDate "2006.09.14"]
[SourceVersion "1"]
[SourceVersionDate "2006.09.14"]
[SourceQuality "1"]

1. Nf3 Nf6 2. c4 c5 3. Nc3 e6 4. d4 ({During my preparation I was mostly
looking at} 4. g3) 4... cxd4 5. Nxd4 a6 {Now I chose to pass over to the
hedgehog defence. More common is 5...Bb4, but it's also more easy to make
mistakes there if you don't know the variation well enough.Another move played
regulary is 5...Nc6.} 6. e4 {Now the game passes over to the Sicilian by
change of move order. I have played the position with the white pieces three
tiimes, but this was my first encounter from the black side.} d6 {A fully
playable move, but} (6... Qc7 {is a more correct move order. Black keeps more
options open and has not yet decided where to put his black squared bishop.
Now White still has to count on ...Bb4.}) 7. Be2 {A good place for the white
bishop. Here it doesn't disturb the coordination. The d-file remains open and
moreoverit protecxts the g4-square, which stops Black from a later knight jump
to g4.} Qc7 8. O-O Be7 9. Be3 O-O 10. Qd2 b6 11. Rfc1 {An interesting stage of
the game. It was no surprise that a rook would land on c1, but chooseing the
f-rook indicates that he is ready to push a4-a5, thus keeping the rook on a1.}
({Instead} 11. Rac1 Bb7 12. f3 Nbd7 13. Rfd1 Rac8 {get's to a normal hedgehog
position and doesn't cause black any immediate trouble.}) 11... Bb7 12. f3 Nbd7
13. a4 {A well timed a4. White was waiting for ...Nbd7 as otherwise black
could reply with ...Nc6.} Rac8 14. a5 bxa5 15. Nb3 Qb8 16. Nxa5 Ba8 {Black has
been forced to defence and White has created a weakness on a6. So White is
slightly better, but there is difficult to find a good way to continue.} 17.
Kh1 $6 {A typical waiting-move. White stays calm and plays according to the
strategy "safety first". In my opinion this move is a little slow and almost
unnecessary. Instead of waiting for black to make mistakes White should
continue the pressure on the queenside. An excellent move would be} (17. b4 $1
{with the idea of Rcb1 and Black is under continues pressure. As the game
develops Black gets time to consolidate and create counterplay.}) 17... Rfd8
18. Bf1 $6 {Once again a dubious move that gives Black some extra time.} (18.
b4 $1 {Should be played.}) 18... Ne5 {Black has completed his development and
all the standard moves. Now for the first time in the game he passes the
boarder of his third row with one of his pieces. White continues to play calm
and relaxed and doesn't see the danger. Even the next move hepls black and the
white pieces starts getting a bit clumsy placed.} 19. Qf2 Nfd7 {Black protects
the b6-square and moreover prepares ...Rf8 followed by...f5 with dangerous
counterplay on the kingside.} 20. Rcb1 {Better late than never they used to
say, but perhaps White would now better concentrate on stopping blacks
breakthrough on the kingside.} Rf8 $1 {A strong move that most probably came
as a surprise to White. Now the plan b4-b5 doesn't work as black will come
first. Instead White is forced to passiviity.} 21. Qg3 f5 22. exf5 (22. Qh3 {
was an interesting alternative, trying to brake the black advancement a little.
}) 22... Rxf5 {Now there is the threat of ...Nxf3 followed by ...Rxf3 winning
the queen.} 23. Be2 $6 {The Bishop walks back to its previous position to
protect f3, but taking the development of the game in consideration it would
have been better playing} (23. f4 {at once, saving a whole tempo after} Ng6 24.
Bd3 {Maybe blacks best option is to give an exchange with} Rcf8 25. Bxf5 Rxf5 {
Ofcourse black has full compensation for the sacificed material, but White has
at least saved some time compared to the game.}) 23... Rcf8 {Reactivates the
threat of ...Nxf3. There is also the idea of ...R8f6 followed by ...Rg6 with a
very strong attack.} 24. f4 {Forced since after 24.Rf1 the b2 pawnis hanging.}
Ng6 ({Perhaps} 24... R5f6 {was a better alternative with the idea} 25. fxe5 ({
After} 25. Rg1 Ng6 {both the f4 and the b2-pawns are hanging giving black the
advantage.}) 25... Rg6 26. Qh3 Nxe5 $1 {and White has no good answer to blacks
threat ...Bxg2. A possible continuation is} 27. Rg1 (27. Bf1 $2 Rxf1+ 28. Rxf1
Bxg2+ 29. Qxg2 Rxg2 30. Kxg2 Qxb2+ {followed by ...Qxc3 is winning for Black.})
27... Qxb2 28. Bd4 Bxg2+ 29. Qxg2 Rxg2 30. Kxg2 Rf4 {with a clear advantage to
Black in view of Whites vulnerable king and uncoordinated pieces.}) 25. Bg4 Nh4
26. Bh3 (26. Bxf5 {doesn't work well. After} {Efter} Rxf5 {Black has excellent
compensation and White is forced to passivity with Rg1.} 27. Rg1) 26... Nc5 27.
Bd4 {At this moment I had 10 minutes left for 14 moves until the time control
standing for a difficult choice. After considering the matter for 7 minutes I
decided not to go for the complications that are to follow after 27...e5.} ({On
} 27. b4 {there will follow} Ne4 28. Nxe4 Bxe4 29. Re1 e5 30. Bxf5 (30. fxe5 {
is met by} Rf3 $1 31. Qg4 Bf5 32. Qd4 Qa8 33. Qd5+ Qxd5 34. cxd5 Rxh3 35. Nc6
Bd8 {winning for Black.}) 30... Rxf5 31. Ra2 Qxb4 32. Bd2 Qb6 33. Rxe4 Qb1+ 34.
Re1 Qxa2 {Black is a pawn up and has a clear advantage.}) 27... Ng6 $5 {
A safe move that gives White an exchange, but Black gets an easy-played
position. Maybe it was better to play the more natural} (27... e5 {but in my
timetrouble I didn't get enough time to calculate the consequences and
therfore choose not to take any risks.} 28. fxe5 Rf3 $1 {A strong move thats
wins the white quuen. But as White will get two rooks in exchange it is not
the material but rather the badly placement of White's king that gives Black
the advantage.} (28... Ne6 {is also interesting, but White seems to be fine
after} 29. exd6 Qxd6 30. Qxd6 Bxd6 31. Be3 Ng5 32. Bxg5 Rxg5 33. Nd5 Rf2 34.
Rf1 Rgxg2 35. Bxg2 Rxg2 36. Nb3 Bxd5 37. cxd5 Rxh2+ 38. Kg1 Rxb2 39. Rxa6 Rg2+
40. Kh1 Rh2+ {and Black has no more than a draw by perpetual checks.}) 29. gxf3
Rxf3 30. Nd5 $1 Rxg3 31. hxg3 {This position is very hard to assess, but it
seems to me that Black has the advantage after} Nb3 $1 {after which White's
best reply is to give back an exchange on a1. Black gets a material advantage
and good winning chanses. But taking my time trouble and all the complications
in account I think that the game was the best practical decision.}) 28. Bxf5
Rxf5 29. b4 Ne4 30. Nxe4 Bxe4 31. Re1 $2 {Here the rook get under attack at
once and White will be forces to give back the exchange. Better was} (31. Rb2 {
to keep b4 and g2 protected. Black will win the f4-pawn with good compensation,
but White is probably able to keep the position when defending correct.}) 31...
Qa8 $6 {A natural move, but even stronger was} (31... Bh4 $1 32. Qe3 d5 33. Rg1
Nxf4 {with a strong attack and an advantage to Black.White is bound to
ptotection of the g2-pawn, but Black has all his forces active.}) 32. Re2 $2 {
The crucial misstake. White could still hold on with} (32. Qg4 $1 {after which
Black has some coordination problems to solve.}) 32... e5 $1 {The key move,
that makes the white position fall to pieces.The diagonal down to g7 is now
covered, freeing the knight from g6. In the same time the bishop on d4 is
threatened and the f4-pawn as well. White is lost.} 33. Bc3 {In the
timetrouble White tries to come in to an endgamewith some survival chances,
which he also succeds in. Even though it's not enough it was most probably the
best chance.} (33. fxe5 {loses at once to} Rg5 {and White must give up the
quuen while Blacks attack is to continue.}) 33... Nxf4 34. Rxe4 {The idea of
white's play. He sacrifices back the exchange to ease the pressure on g2.
Indeed he is a pawn down, but not totally without chances, especially when
taking the time trouble into account.} Qxe4 35. Qf3 Qxf3 $2 {A bad practical
decision that makes Black's position more difficult to play and is giving
White counterchances. Generally exchanges favour the side with material gains,
but what is now happening is a pawn race between the White b-pawn and black's
e-pawn where White's prospects arn't so bad. Instead Black should have played}
(35... Qc2 $1 {with continuous pressure. The White queen cannot create any
danger along thye diagonal, but black threatens to to decide the game
immediately with ...e5-e4.}) 36. gxf3 Ne2 37. Bd2 ({Here White could have put
in} 37. Nc6 {but most probably it leads to the same after 37...Bh4. But now
the option of ...Nd4 is eliminated.}) 37... Rxf3 ({Here} 37... Nd4 $1 {was a
strong alternative killing all white's hope of any counterplay.}) 38. Nc6 ({
It would have been interesting to try the immediate} 38. b5 {to get a
dangerous passed pawn, but after} axb5 39. cxb5 Rd3 $1 40. Bb4 ({White can win
back some material after} 40. b6 Rxd2 41. Nc4 Rd3 42. b7 Rb3 43. Ra8+ Kf7 44.
b8=Q Rxb8 45. Rxb8 {but with three whole pawns for the exchange Black is still
winning.}) 40... Kf7 41. b6 Rd5 {Black is right in time to stop the passed
b-pawn and has a winning position.}) 38... Bh4 39. Rxa6 Rd3 {A typical
timetrouble move. Stronger was the direct attempt} (39... e4 {with the idea}
40. b5 ({After} 40. Kg2 {there will follow} g5 $1 41. Ra1 Rf2+ 42. Kh1 (42. Kh3
{looses to} e3 43. Bxe3 Rf3+ 44. Kg4 Rxe3 $19 {and Black wins.}) 42... Bg3 $1
43. hxg3 Nxg3+ 44. Kg1 Rxd2 {with a won endgame for Black. Ofcourse White
still has some counterplay with the passed b-pawn, but Black's e-pawn will
decide the game.}) 40... e3 41. Bb4 Nf4 $1 42. Ra8+ Kf7 43. Ra7+ Kg6 44. Ra1 e2
{winning.}) 40. Ra2 e4 41. b5 $4 {This move looses by force. Better was} (41.
Kg2 {White has a difficult task, but is not totally without chances. A
possible continuation is} e3 42. Be1 Nd4 43. Ra8+ Kf7 44. Ra7+ Kg6 45. Nxd4
Rxd4 46. Bxh4 Rxh4 47. c5 {and White will get away with a draw.}) 41... e3 42.
Bxe3 ({Now} 42. Be1 {doesn't work because of} Nf4 $1 43. Ra1 e2 44. b6 Rf3 $3
45. h3 Bxe1 46. b7 Rxh3+ 47. Kg1 Rb3 48. Rxe1 Rxb7 {and Black wins.}) 42...
Rxe3 43. Rb2 Bf6 $1 {A strong defensive move that eliminates all White's
chances of counterplay.} 44. Rb1 Nd4 {Now the white knight is threatened away
from its nice position on c6 and will no longer be able to support the advance
of the b-pawn.} 45. Nb4 Re2 $1 {Black has many ways leading to victory, but
this is the best and simplest, threatening ...Nf3 giving chekmate.} 46. Kg1
Nf3+ {White resigned} 0-1

[Event "FRA-chT Top 12"]
[Site "Haguenau"]
[Date "2013.06.07"]
[Round "9.1"]
[White "Swiercz, Dariusz"]
[Black "Meier, Georg"]
[Result "1-0"]
[WhiteElo "2631"]
[BlackElo "2655"]
[Annotator "CB"]
[PlyCount "73"]
[EventDate "2013.05.30"]
[EventType "team-tourn"]
[EventRounds "11"]
[EventCountry "FRA"]
[SourceTitle "CBM 154 Extra"]
[Source "ChessBase"]
[SourceDate "2013.06.25"]
[SourceVersion "2"]
[SourceVersionDate "2013.06.25"]
[SourceQuality "1"]
[WhiteTeam "Rueil Malmaison"]
[BlackTeam "Vandoeuvre"]
[WhiteTeamCountry "FRA"]
[BlackTeamCountry "FRA"]

1. c4 c5 2. Nf3 Nf6 3. Nc3 Nc6 4. g3 g6 5. Bg2 d6 6. O-O Bg7 7. d4 cxd4 8. Nxd4
Bd7 9. Nc2 ({Die gleiche Eröffnung spielten die beiden GMs auch schon mit
vertauschten Farben gegeneinander.} 9. b3 O-O 10. Nc2 a6 11. Bb2 Qa5 12. Qd2
Rfc8 13. Rfd1 Rab8 14. Ne3 b5 15. Rac1 Ne5 16. Ncd5 Qxd2 17. Rxd2 Nxd5 18. Nxd5
Kf8 19. f4 Nc6 20. Bxg7+ Kxg7 21. c5 Be8 22. cxd6 exd6 23. Bh3 f5 24. e4 Bd7
25. exf5 gxf5 26. Ne3 Ne7 27. Rxc8 Rxc8 28. Rxd6 Rc1+ 29. Kf2 Bc8 30. Rd1 Rc5
31. Rd2 Rc1 32. Ke2 Ra1 33. Kd3 Be6 34. Kc3 Kf6 35. Kb4 h5 36. Bg2 Kf7 37. Bf3
Kf6 38. Bxh5 Rc1 39. Bf3 {1-0 (39) Meier,G (2638)-Swiercz,D (2501) Lublin 2010}
) 9... h5 10. Bg5 ({Meistens reagiert Wieß mit} 10. h4 {z.B.:} Rc8 11. Bf4 Ng4
12. Qd2 Qa5 13. Ne4 Qxd2 14. Bxd2 Nd8 15. Bc3 Bxc3 16. Nxc3 Rxc4 17. Rad1 Bc6
18. e4 Ne6 19. Rd2 O-O 20. Re1 Rc8 21. f3 Ne5 22. f4 Ng4 23. Bf3 Nf6 24. Kg2
Kf8 25. Re3 Ng4 26. Ree2 Nc5 27. Nd4 Bd7 28. e5 dxe5 29. fxe5 e6 30. Ndb5 Bxb5
31. Nxb5 Rb4 32. Nd6 Rd8 33. a3 Rb3 34. Bxg4 hxg4 35. Rd4 Nd3 36. Rxg4 Nxe5 37.
Rd4 Nd3 38. Re3 Nf4+ 39. Rxf4 Rxb2+ {0-1 (39) Gretarsson,H (2444)-Gustafsson,J
(2647) Reykjavik 2011}) 10... Nh7 11. Bf4 Nf8 {Ein positionelles Manöver a la
Rubinstein.} ({Konsequenter war aber eigentlich} 11... h4) 12. h4 Ne6 13. Bd2
a6 14. Rb1 O-O 15. Ne3 {Auch der polnische GM kennt seinen Rubinstein.} Ned4
16. b4 Rb8 ({Nach} 16... b5 $5 17. cxb5 axb5 18. a4 {bekommt Schwarz Probleme
in der langen Diagonale. Nach} bxa4 19. b5 Na7 20. Bxa8 Qxa8 21. Qxa4 Naxb5 22.
Qxa8 Rxa8 {hat Schwarz allerdings einen Bauern für die Qualitär und steht
vermutlich nicht schlechter.}) 17. a4 Ne5 (17... a5 $5 {mit der Idee} 18. b5
Nb4) 18. b5 Re8 19. Ncd5 Nf5 20. Rc1 Be6 21. Nxf5 Bxf5 22. Be3 Nd7 23. Qb3 Qa5
(23... Bg4 $11) 24. Rfd1 Rbc8 25. b6 Nc5 26. Qa3 Bd7 $2 {Schwarz war am
Damenflügel unter Druck, hätte sich aber besser verteidigen können.} ({
Richtig war} 26... Bg4 $5 {Falls nun wie in der Partie} 27. Nc7 (27. f3 Bd7 {
und der Lg2 ist im Moment außer Spiel.}) 27... Red8 28. Bxc5 dxc5 29. Bxb7 {
folgt, hat Schwarz} Rxd1+ 30. Rxd1 Bxe2 {und steht keinesfalls schlechter.})
27. Nc7 Red8 $2 ({Besser war noch} 27... Rxc7 28. bxc7 Qxc7 {Nach} 29. Bxc5
dxc5 30. Rb1 Rb8 31. a5 {ist Weiß allerdings klar im Vorteil.}) 28. Bxc5 dxc5
29. Bxb7 Rb8 30. Nxa6 Rxb7 31. Nxc5 Qxb6 $2 {Das funktioniert nicht.} ({
Zäher war} 31... Rxb6 32. Nxd7 ({Nicht} 32. Rxd7 $2 Rxd7 33. Nxd7 Re6 34. e3
$2 (34. Nc5 Rxe2 $11) 34... Qd2 35. Nc5 Bb2 {und nun gewinnt Schwarz.}) 32...
Bb2 33. Qxe7 Re6 34. Qc5 Qxa4 35. Qc7 Qa8 36. Rc2 Bg7 37. Rcd2 Rc8 38. Qf4 $18)
32. Nxb7 Qxb7 33. Qxe7 Qc7 34. c5 Bf8 {Nach 35. Df6 wäre alles im Lot für
Schwarz, aber...} 35. Qxd8 $1 Qxd8 36. c6 Ba3 (36... Qf6 37. cxd7 Be7 38. Rc8+
Kg7 39. a5 $1 $18) 37. c7 1-0

[Event "Buenos Aires"]
[Site "Buenos Aires"]
[Date "1980.??.??"]
[Round "?"]
[White "Panno, Oscar"]
[Black "Giardelli, Sergio Carlos"]
[Result "1/2-1/2"]
[WhiteElo "2540"]
[BlackElo "2300"]
[Annotator "Chekhov,V"]
[PlyCount "55"]
[EventDate "1980.10.15"]
[EventType "tourn"]
[EventRounds "13"]
[EventCountry "ARG"]
[EventCategory "13"]
[SourceTitle "MCL"]
[Source "ChessBase"]
[SourceDate "1999.07.01"]
[SourceVersion "1"]
[SourceVersionDate "1999.07.01"]
[SourceQuality "1"]

1. c4 Nf6 2. Nc3 c5 3. Nf3 b6 4. e4 d6 (4... Bb7 5. e5 Ng8 6. d4 Bxf3 7. Qxf3
Nc6 8. dxc5 bxc5 9. Bf4 Nd4 10. Qe4 f5 $5 11. Qd3 e6 12. Nb5 $5) (4... Nc6 5.
d4 cxd4 6. Nxd4 Bb7 7. f3 Qb8 8. Be3 e6 9. Qd2 Be7 10. g4 O-O 11. O-O-O $36 {
Hansen,Cu-Ftacnik,L/Groningen/1991/1:0 (37) Inf 53/51/}) 5. d4 cxd4 6. Nxd4 Bb7
7. f3 (7. Qe2 g6 8. Bg5 Bg7 9. O-O-O Nbd7 10. f4 Qb8 11. g4 $36 {Agdestein,
S-Miralles,G/Novi Sad/1990/0,5 (40) Inf 50/48/}) 7... e6 8. Be2 Be7 9. O-O O-O
10. Be3 a6 11. Qe1 (11. Qd2 {P fd1, ac1, f1, f2}) 11... Nbd7 12. Qf2 Re8 13.
Rfd1 Bf8 (13... Qc7 $5) 14. Kh1 Rc8 (14... d5 15. exd5 exd5 16. cxd5 Nxd5 17.
Nxd5 Bxd5 18. Nf5 $36) 15. Nb3 Qc7 16. Bd4 (16. Rac1 $5 {P a3, d2,b4}) 16...
Bc6 (16... g6 $5 {P g7, c5}) 17. Bf1 Qb8 18. a4 a5 $6 (18... Ba8 19. a5 bxa5
20. Nxa5 Nc5 21. Rab1 {P b4}) (18... Nc5 $5 19. Nd2 a5) 19. Nb5 $6 (19. Be3 $1
{P d4-b5}) 19... g6 (19... d5 20. cxd5 exd5 21. e5 Nxe5 22. Bxb6 Nc4 23. Bxc4
dxc4 24. Nxa5 Bxb5 25. axb5 Qe5 26. Nc6 Qxb5 27. Na7) (19... Nc5 $5 20. Nd2 Be7
{P d5}) 20. Bc3 $6 (20. Rac1 $5) 20... d5 $1 21. exd5 exd5 22. N3d4 dxc4 23.
Bxc4 (23. Nxc6 Rxc6 24. Qd4 Ne5 {P c5, d3}) 23... Bd5 24. Bxd5 Nxd5 25. Nc6
Rxc6 26. Rxd5 Nf6 (26... Nc5 27. Qd4) 27. Rd3 Qf4 28. Qd4 (28. Qd4 Qxd4 29.
Bxd4 Nd5 $1 $10 {P f4, b4} (29... Bc5 30. Bc3 $14 {P ad1})) 1/2-1/2

[Event "Muenster op"]
[Site "Muenster"]
[Date "1993.??.??"]
[Round "6"]
[White "Kalinitschew, Sergey"]
[Black "Kersten, Uwe"]
[Result "1-0"]
[WhiteElo "2480"]
[BlackElo "2350"]
[Annotator "ChessBase"]
[PlyCount "49"]
[EventDate "1993.10.??"]
[EventType "swiss"]
[EventRounds "9"]
[EventCountry "GER"]
[SourceTitle "EXT 1999"]
[Source "ChessBase"]
[SourceDate "1998.11.16"]
[SourceVersion "1"]
[SourceVersionDate "1998.11.16"]
[SourceQuality "1"]

{Kalinichev,S.} 1. Nf3 c5 2. c4 Nf6 3. Nc3 b6 4. d4 (4. g3 Bb7 5. Bg2 g6 6. O-O
Bg7 7. d4 cxd4 8. Qxd4 d6 9. Qh4 h6 10. Rd1 Nbd7 11. Ne1 Bxg2 12. Nxg2 Rc8 13.
b3 a6 14. Bb2 O-O 15. Ne3 Rc5 16. Rac1 b5 $1 17. cxb5 axb5 18. Qb4 Qb8 19. Ba3
Qb7 20. Bb2 Rb8 21. Nb1 Rbc8 {1/2 Stangl,M.-Kersten,U., Münster op 1993}) 4...
cxd4 5. Nxd4 Bb7 6. f3 d6 7. e4 e6 8. Be3 Be7 9. Qd2 O-O {9...a6!? /\Sbd7, Tc8}
10. O-O-O $5 a6 11. Kb1 Qc7 12. g4 Nc6 13. h4 $5 {13.Le2} Nxd4 (13... Ne5 14.
Rc1 $8 Nxf3 {>= 14...Tfc8} 15. Nxf3 Nxe4 16. Qg2 $16) 14. Bxd4 Nd7 15. Be2 Rfc8
16. g5 Bc6 $6 {/\17...Db7, 18...b5; >=16...Se5} 17. h5 Qb7 18. g6 $1 fxg6 19.
hxg6 hxg6 $8 20. Rdg1 Nf8 (20... e5 21. Be3 Nf8 22. c5 $1 $18) 21. Rh8+ $1 Kf7
{21...Kxh8 22.Dh6+} 22. Qf4+ Ke8 $2 (22... Bf6 23. Bxf6 gxf6 24. Qxd6 $18) 23.
Bxg7 Kd7 24. Qf7 Re8 25. Bf6 {/\26.Txf8} 1-0

[Event "FRA-chTa"]
[Site "France"]
[Date "1998.11.??"]
[Round "?"]
[White "Chuchelov, Vladimir"]
[Black "Lazarev, Vladimir"]
[Result "1-0"]
[WhiteElo "2540"]
[BlackElo "2450"]
[Annotator "Chuchelov,V"]
[PlyCount "61"]
[EventDate "1998.??.??"]
[EventType "team"]
[EventRounds "5"]
[EventCountry "FRA"]
[SourceTitle "CBM 068"]
[Source "ChessBase"]
[SourceDate "1999.02.01"]
[SourceVersion "1"]
[SourceVersionDate "1999.02.01"]
[SourceQuality "1"]

1. c4 c5 2. Nf3 Nc6 3. d4 cxd4 4. Nxd4 Nf6 5. Nc3 Qb6 6. Nb3 e6 7. a3 $5 d5 (
7... Ne5 8. Be3 Qd8 9. Bf4 d6 (9... Nxc4 10. e4 $36) 10. c5 a6 11. e3 $14 {
Speelman,J-Sax,G,Thessaloniki (ol) 1988-TD 88_06} (11. g3 $5 $36)) (7... Qc7 8.
e4) 8. Be3 Qd8 (8... d4 9. Nxd4 Ng4 (9... Qxb2 10. Ndb5) 10. Na4 Qa6 11. Bg5
$16) 9. cxd5 exd5 (9... Nxd5 10. Nxd5 exd5 11. g3 Be7 {N} (11... Bd6 12. Bg2
Be5 13. O-O Bxb2 14. Ra2 Bf6 15. Rd2 O-O 16. Rxd5 Qc7 {Razuvaeav,Y-Horvath,Jo,
Stary Smokovec 1990-CBM 21} 17. Nc5 $5 $16) (11... a5 $5 12. Bg2 a4 13. Nd4
Qa5+ 14. Qd2 Qxd2+ 15. Kxd2 $14 {Stohl,I-Polgar,J,Amsterdam OHRA II 1990-CBM 20
}) 12. Bg2 Bf6 13. Qd2 $5 (13. O-O $1 $40 {11..Bd6}) 13... d4 $5 (13... Be6 14.
Nc5 $36) (13... O-O 14. Rd1 $16) 14. Bxc6+ bxc6 15. Bxd4 Qd5 16. O-O-O $1 $16 {
1-0 Speelman,J-Sax,G/Hastings 1990/CBM 22/[Stohl] (29)}) 10. g3 Be7 11. Bg2 Be6
12. O-O O-O 13. Rc1 Re8 $6 (13... Rc8 $14) 14. Rc2 $1 $16 Ne4 $2 15. Nxe4 dxe4
16. Rd2 Qc8 17. Bxe4 $18 Bb4 $2 18. axb4 Bxb3 19. Bxh7+ Kxh7 20. Qxb3 Qh3 21.
Qxf7 Ne5 22. Qxb7 Rab8 (22... Ng4 23. Qg2 Qxg2+ 24. Kxg2 $18 Nxe3+ (24... Rxe3
25. fxe3 Nxe3+ 26. Kg1 Nxf1 27. Kxf1 Rb8 28. Rd4) 25. fxe3 Rxe3 26. Rf7) 23.
Qe4+ Ng6 24. Qg2 Qg4 25. Bxa7 Rxb4 26. f3 Qh5 27. e4 Qb5 28. Qh3+ Kg8 29. Qd7
Rxb2 30. Qxb5 Rxb5 31. Kg2 1-0